Ilulissat Airport Destinations (Ilulissat, Greenland) - Statistics

General Stats
  • This quiz has been taken 19 times
    12 since last reset
  • The average score is 3 of 13
Answer Stats
Airline Destination % Correct
Icelandair Reykjavik
92%
Air Greenland Nuuk
83%
Air Greenland Aasiaat
25%
Air Greenland Kangerlussuaq
25%
Air Greenland Sisimiut
17%
Air Greenland Qaanaaq
8%
Air Greenland Qasigiannguit
8%
Air Greenland Qeqertarsuaq
8%
Air Greenland Ilimanaq
0%
Air Greenland Qaarsut
0%
Air Greenland Qeqertaq
0%
Air Greenland Saqqaq
0%
Air Greenland Upernavik
0%
No matching quizzes found
Score Distribution
Percent of People with Each Score
Percentile by Number Answered
Your Score History
You have not taken this quiz since the last reset